[Event "Albena BUL, 19th Open round_4"]
[Site "Albena BUL"]
[Date "2011.06.28"]
[Round "4.17"]
[White "Jaracz, Barbara"]
[Black "Akesson, Ralf"]
[Result "0-1"]
[WhiteElo "2275"]
[BlackElo "2451"]
[PlyCount "100"]
[EventDate "2011.06.25"]
[EventType "swiss"]
[EventRounds "9"]
[EventCountry "BUL"]

1. e4 c5 2. Nf3 e6 3. d4 cxd4 4. Nxd4 a6 5. Bd3 g6 6. O-O Bg7 7. Nb3 Nc6 8. c4
Nf6 9. Nc3 O-O 10. Bg5 b6 11. f4 d6 12. Qe2 Qc7 13. Rac1 Nd7 14. Nd5 Qb8 15.
Ne3 Nc5 16. Nxc5 bxc5 17. b3 Nd4 18. Qf2 f6 19. Bh4 f5 20. exf5 gxf5 21. Nc2
Bb7 22. Qe1 Qe8 23. Nxd4 Bxd4+ 24. Kh1 Kh8 25. Be2 e5 26. fxe5 dxe5 27. b4 Qg6
28. Qg3 Qxg3 29. hxg3 cxb4 30. Rb1 a5 31. Kh2 Be4 32. Rbd1 Ra7 33. Bd3 Bxd3 34.
Rxd3 Kg7 35. a3 Rc7 36. axb4 axb4 37. c5 Bxc5 38. Rd5 Bd4 39. Rb5 Bc3 40. Bg5
Kg6 41. Be3 Rf6 42. Rd1 Rc4 43. Rd7 Bd4 44. Bd2 Bc3 45. Be3 f4 46. gxf4 exf4
47. Bf2 Re6 48. Rbb7 h6 49. Rd8 Bf6 50. Kh3 Bxd8 0-1

[Event "Albena BUL, 19th Open round_4"]
[Site "Albena BUL"]
[Date "2011.06.28"]
[Round "4.18"]
[White "Nikolov, Sasho"]
[Black "Marinc, Damir"]
[Result "1-0"]
[WhiteElo "2418"]
[BlackElo "2049"]
[PlyCount "80"]
[EventDate "2011.06.25"]
[EventType "swiss"]
[EventRounds "9"]
[EventCountry "BUL"]

1. e4 e5 2. Nf3 Nc6 3. Bc4 Bc5 4. c3 Qe7 5. O-O d6 6. d4 Bb6 7. h3 Nf6 8. Re1
h6 9. Be3 O-O 10. Nbd2 Nb8 11. a4 c6 12. a5 Bc7 13. dxe5 dxe5 14. Nh4 Kh7 15.
Qf3 g6 16. b4 Bd6 17. Bf1 Ng4 18. hxg4 Qxh4 19. g5 f5 20. g3 Qh5 21. Qxh5 gxh5
22. exf5 Bxf5 23. Nc4 Bc7 24. Bc5 Nd7 25. Bxf8 Rxf8 26. Ne3 Bg6 27. Rad1 Rf7
28. Bc4 Re7 29. Be6 Nf8 30. Bc8 hxg5 31. Bxb7 Be4 32. Ba6 Kh8 33. Bd3 Bf3 34.
Be2 Be4 35. Bxh5 Rh7 36. f3 Rxh5 37. fxe4 Kg8 38. Ng4 Kg7 39. Rf1 Rh3 40. Kg2
Rxg3+ 1-0

[Event "Albena BUL, 19th Open round_4"]
[Site "Albena BUL"]
[Date "2011.06.28"]
[Round "4.19"]
[White "Ivelinov, Hristo"]
[Black "Kadric, Denis"]
[Result "0-1"]
[WhiteElo "2236"]
[BlackElo "2376"]
[PlyCount "64"]
[EventDate "2011.06.25"]
[EventType "swiss"]
[EventRounds "9"]
[EventCountry "BUL"]

1. b3 e5 2. Bb2 Nc6 3. c4 Nf6 4. e3 d5 5. cxd5 Nxd5 6. a3 Bd6 7. Nf3 e4 8. Nd4
Nxd4 9. Bxd4 O-O 10. d3 exd3 11. Bxd3 Qg5 12. Nd2 Re8 13. Kf1 c5 14. h4 Qh6 15.
Bb2 Nf6 16. Bxf6 gxf6 17. Qf3 Rd8 18. Nc4 Bc7 19. Be4 Rb8 20. g4 Qg7 21. Rg1 b5
22. Nb2 Bh2 23. Rg2 Be5 24. Rb1 c4 25. bxc4 bxc4 26. Nxc4 Ba6 27. Rc1 Rbc8 28.
Qe2 Qf8 29. g5 f5 30. Bxf5 Qxa3 31. Qc2 Rxc4 32. Qxc4 Qxc1+ 0-1

[Event "Albena BUL, 19th Open round_4"]
[Site "Albena BUL"]
[Date "2011.06.28"]
[Round "4.20"]
[White "Golstein, Mihail"]
[Black "Anton, Teodor"]
[Result "0-1"]
[WhiteElo "2075"]
[BlackElo "2355"]
[PlyCount "114"]
[EventDate "2011.06.25"]
[EventType "swiss"]
[EventRounds "9"]
[EventCountry "BUL"]

1. Nf3 c5 2. e3 Nf6 3. d4 e6 4. Nbd2 b6 5. c3 Bb7 6. Bd3 Be7 7. O-O d6 8. Qe2
Nbd7 9. Re1 O-O 10. e4 cxd4 11. cxd4 Rc8 12. Nf1 Re8 13. Ng3 g6 14. Bd2 Bf8 15.
Rad1 Qc7 16. h4 e5 17. d5 Nb8 18. Bb5 Red8 19. Bg5 Qe7 20. Rc1 a6 21. Bd3 b5
22. Qd2 Nbd7 23. h5 Qe8 24. hxg6 hxg6 25. Nh2 Rxc1 26. Rxc1 Rc8 27. Re1 Bg7 28.
f3 Nc5 29. Bb1 Nh7 30. Be3 Bf6 31. Ngf1 Qe7 32. Kf2 Bg5 33. Bxg5 Qxg5 34. Ne3
Na4 35. Nhg4 Nf6 36. Nxf6+ Qxf6 37. Rh1 Qg5 38. g3 Rc5 39. Qe2 Bc8 40. Ng2 Bd7
41. f4 exf4 42. gxf4 Qf6 43. b3 Nc3 44. Qd3 b4 45. Qe3 Nxb1 46. Rxb1 Rc2+ 47.
Kg1 Rxa2 48. e5 Qf5 49. Re1 Qg4 50. Qf2 Rxf2 51. Kxf2 dxe5 52. Rxe5 Qd1 53. Ne3
Qxb3 54. Re7 Qa4 55. Re4 Qb5 56. d6 b3 57. Re5 Qxe5 0-1

[Event "Albena BUL, 19th Open round_4"]
[Site "Albena BUL"]
[Date "2011.06.28"]
[Round "4.21"]
[White "Dimitrov, Pavel"]
[Black "Dobrev, Nayden"]
[Result "1-0"]
[WhiteElo "2344"]
[BlackElo "2235"]
[PlyCount "152"]
[EventDate "2011.06.25"]
[EventType "swiss"]
[EventRounds "9"]
[EventCountry "BUL"]

1. e4 c5 2. Nf3 e6 3. d4 cxd4 4. Nxd4 a6 5. Nc3 Qc7 6. g3 Nf6 7. Bg2 Nc6 8. O-O
Nxd4 9. Qxd4 Bc5 10. Qd3 Ng4 11. h3 Ne5 12. Qe2 d6 13. Be3 Bd7 14. Rad1 b5 15.
Bxc5 Qxc5 16. Qd2 Nc4 17. Qd4 Qxd4 18. Rxd4 Rc8 19. Nd1 Ke7 20. b3 e5 21. Rd3
Nb6 22. Ne3 Be6 23. f4 f6 24. h4 Rc5 25. Rfd1 Rd8 26. Kh2 g6 27. Bh3 exf4 28.
gxf4 Rh5 29. Bxe6 Kxe6 30. Kg3 Rc5 31. R1d2 Rd7 32. Kf3 b4 33. f5+ Ke7 34. h5
g5 35. h6 a5 36. Rd4 Rc6 37. Ke2 Rd8 38. a3 bxa3 39. c4 Nd7 40. Ra2 Nc5 41.
Rxa3 Rb8 42. Rxa5 Rxb3 43. Ra7+ Rb7 44. Rxb7+ Nxb7 45. Rd2 Nc5 46. Rb2 Ra6 47.
Kf3 Ra3 48. Rb8 g4+ 49. Kf4 Nd3+ 50. Kxg4 Nf2+ 51. Kf4 Nh3+ 52. Kf3 Ng5+ 53.
Ke2 Ra2+ 54. Kd3 Ra3+ 55. Ke2 Ra2+ 56. Kd1 Nxe4 57. Nd5+ Kf7 58. Rb7+ Kf8 59.
Rb8+ Kf7 60. Rb7+ Kf8 61. Rxh7 Ng5 62. Rd7 Rh2 63. Rxd6 Rxh6 64. Rd8+ Kg7 65.
c5 Nf7 66. c6 Rh1+ 67. Kc2 Rh2+ 68. Kb3 Rh3+ 69. Nc3 Nxd8 70. c7 Nf7 71. c8=Q
Rg3 72. Qd7 Re3 73. Kb4 Kf8 74. Nd5 Re4+ 75. Kb3 Rd4 76. Qe7+ Kg7 1-0

[Event "Albena BUL, 19th Open round_4"]
[Site "Albena BUL"]
[Date "2011.06.28"]
[Round "4.22"]
[White "Ninov, Dayan"]
[Black "Vutov, Mario"]
[Result "0-1"]
[WhiteElo "2090"]
[BlackElo "2342"]
[PlyCount "93"]
[EventDate "2011.06.25"]
[EventType "swiss"]
[EventRounds "9"]
[EventCountry "BUL"]

1. Nf3 Nf6 2. g3 g6 3. Bg2 Bg7 4. O-O O-O 5. c4 d6 6. Nc3 e5 7. d3 Re8 8. Bg5
c6 9. Qd2 Nbd7 10. Rfd1 Nf8 11. d4 e4 12. Ne1 d5 13. cxd5 cxd5 14. Nc2 Ne6 15.
Bxf6 Bxf6 16. f4 Ng7 17. Ne3 Be6 18. Qc2 Qd7 19. Qb3 Red8 20. Rac1 Rac8 21. Qa3
b6 22. Qb3 Nf5 23. Nxf5 Bxf5 24. e3 Bg4 25. Re1 Kg7 26. Bf1 h5 27. Ba6 Rc7 28.
Nb5 Rxc1 29. Rxc1 Be2 30. Nc7 Bxa6 31. Nxa6 h4 32. Qc2 Qg4 33. Qd1 Qh3 34. Qf1
Qf5 35. Nb4 hxg3 36. hxg3 Qg4 37. Qg2 a5 38. Nc2 Rc8 39. Re1 g5 40. Na3 Rh8 41.
Nb5 Rh3 42. Kf2 gxf4 43. exf4 Qh5 44. Kf1 Rh1+ 45. Kf2 Rh2 46. Kg1 Rxg2+ 47.
Kxg2 0-1

[Event "Albena BUL, 19th Open round_4"]
[Site "Albena BUL"]
[Date "2011.06.28"]
[Round "4.24"]
[White "Osman, Mihai"]
[Black "Gruenfeld, Yehuda"]
[Result "0-1"]
[WhiteElo "2134"]
[BlackElo "2484"]
[PlyCount "74"]
[EventDate "2011.06.25"]
[EventType "swiss"]
[EventRounds "9"]
[EventCountry "BUL"]

1. e4 c5 2. c4 Nc6 3. Nc3 g6 4. g3 Bg7 5. Bg2 e6 6. Nge2 Nge7 7. a3 O-O 8. O-O
d6 9. d3 b6 10. Rb1 Bb7 11. b4 Qd7 12. h3 Nd4 13. Nxd4 cxd4 14. Ne2 e5 15. f4
f5 16. Bb2 Rac8 17. Rc1 Kh8 18. Kh2 Ng8 19. exf5 Bxg2 20. Kxg2 Ne7 21. fxg6 Nf5
22. Rf3 Ne3+ 23. Rxe3 dxe3 24. gxh7 exf4 25. Nxf4 Rxf4 26. gxf4 Bxb2 27. Rb1
Bd4 28. Qg4 Qxg4+ 29. hxg4 Re8 30. Kf3 e2 31. Re1 Re3+ 32. Kf2 Rxd3+ 33. Kxe2
Rxa3 34. Rd1 Re3+ 35. Kf1 Rf3+ 36. Kg2 Rxf4 37. Kg3 Be5 0-1

[Event "Albena BUL, 19th Open round_4"]
[Site "Albena BUL"]
[Date "2011.06.28"]
[Round "4.25"]
[White "Iskos, Alexandros"]
[Black "Donchev, Dimitar I"]
[Result "1/2-1/2"]
[WhiteElo "2105"]
[BlackElo "2452"]
[PlyCount "103"]
[EventDate "2011.06.25"]
[EventType "swiss"]
[EventRounds "9"]
[EventCountry "BUL"]

1. e4 c5 2. Nc3 Nc6 3. f4 e6 4. Nf3 d5 5. Bb5 dxe4 6. Nxe4 Bd7 7. Qe2 Nh6 8.
O-O Nf5 9. Bxc6 Bxc6 10. d3 c4 11. dxc4 Nd4 12. Nxd4 Qxd4+ 13. Nf2 Bc5 14. Kh1
O-O-O 15. c3 Qd7 16. b4 Bxf2 17. Qxf2 Qd3 18. Be3 Qxc3 19. b5 Be4 20. Rac1 Qa5
21. Rfd1 Rxd1+ 22. Rxd1 Rd8 23. Rxd8+ Qxd8 24. Bxa7 Qd1+ 25. Qg1 Qc2 26. Bb6
Qxc4 27. Qc5+ Qxc5 28. Bxc5 Kd7 29. Kg1 Bc2 30. Kf2 Ba4 31. b6 f6 32. Ke3 h5
33. g3 Ke8 34. Kd3 Kf7 35. Bf2 Kg6 36. Kd4 Kf7 37. Kc5 Bc2 38. Kd6 Bd3 39. a4
Bc4 40. Kc7 Ba6 41. Kd7 g6 42. a5 Bf1 43. Be1 e5 44. fxe5 fxe5 45. Bc3 e4 46.
Bd4 g5 47. Kd8 Bd3 48. Be3 h4 49. gxh4 gxh4 50. h3 Kf6 51. Bd4+ Kf5 52. Be3
1/2-1/2

[Event "Albena BUL, 19th Open round_4"]
[Site "Albena BUL"]
[Date "2011.06.28"]
[Round "4.26"]
[White "Vioreanu, Bogdan-Gabriel"]
[Black "Musayev, Eldar Elman Oglu"]
[Result "0-1"]
[WhiteElo "2430"]
[BlackElo "2155"]
[PlyCount "62"]
[EventDate "2011.06.25"]
[EventType "swiss"]
[EventRounds "9"]
[EventCountry "BUL"]

1. d4 d5 2. c4 dxc4 3. e3 Nf6 4. Nf3 e6 5. Bxc4 c5 6. O-O a6 7. Qe2 b5 8. Bd3
cxd4 9. exd4 Bb7 10. a4 b4 11. Nbd2 Be7 12. Nc4 O-O 13. Bg5 Nbd7 14. a5 Nd5 15.
Qe4 g6 16. Qh4 N7f6 17. Rfe1 Nh5 18. Bxe7 Qxe7 19. Qxe7 Nxe7 20. Nce5 Rfd8 21.
Rac1 Rac8 22. Rxc8 Rxc8 23. b3 Rc3 24. Bc4 Nf4 25. Kf1 Nf5 26. g3 Nh3 27. Nd2
Nxd4 28. Rd1 Rc2 29. f4 f6 30. Nd7 Bf3 31. Bxe6+ Kg7 0-1

[Event "Albena BUL, 19th Open round_4"]
[Site "Albena BUL"]
[Date "2011.06.28"]
[Round "4.27"]
[White "Leustian, Stefan"]
[Black "Cioara, Andrei-Nestor"]
[Result "0-1"]
[WhiteElo "2082"]
[BlackElo "2427"]
[PlyCount "72"]
[EventDate "2011.06.25"]
[EventType "swiss"]
[EventRounds "9"]
[EventCountry "BUL"]

1. e4 e6 2. g3 d5 3. exd5 exd5 4. Bg2 Nf6 5. Ne2 Bg4 6. f3 Bf5 7. O-O Nc6 8. d4
Qd7 9. a3 Be7 10. Nbc3 O-O-O 11. b4 h5 12. Bf4 Ne8 13. Qd2 f6 14. b5 Nb8 15.
Be3 Nd6 16. Bf2 Nc4 17. Qc1 g5 18. f4 Qe6 19. Re1 Qf7 20. Nd1 h4 21. Nec3 hxg3
22. hxg3 c6 23. Ne3 Nxe3 24. Bxe3 Bd6 25. Ne2 Be4 26. Bxe4 dxe4 27. Kf1 Qh5 28.
Ng1 Qh2 29. Re2 Qxg3 30. Rg2 Qh4 31. fxg5 fxg5 32. Bxg5 Rdf8+ 33. Ke2 Qh1 34.
Rf2 Qh5+ 35. Kf1 Rxf2+ 36. Kxf2 Rf8+ 0-1

[Event "Albena BUL, 19th Open round_4"]
[Site "Albena BUL"]
[Date "2011.06.28"]
[Round "4.28"]
[White "Ljangov, Petar"]
[Black "Paikidze, Nazi"]
[Result "1-0"]
[WhiteElo "2064"]
[BlackElo "2408"]
[PlyCount "79"]
[EventDate "2011.06.25"]
[EventType "swiss"]
[EventRounds "9"]
[EventCountry "BUL"]

1. Nf3 Nf6 2. b3 g6 3. Bb2 Bg7 4. g3 O-O 5. Bg2 d6 6. d4 Nbd7 7. O-O Re8 8. c4
c5 9. Nc3 cxd4 10. Nxd4 a6 11. Qd2 Rb8 12. Rfd1 Ne5 13. h3 Bd7 14. Rac1 Nc6 15.
Nd5 Nxd5 16. cxd5 Nxd4 17. Bxd4 Bxd4 18. Qxd4 Qa5 19. Qd2 Qxd2 20. Rxd2 Rec8
21. Rdc2 g5 22. f4 gxf4 23. Rxc8+ Rxc8 24. Rxc8+ Bxc8 25. gxf4 f5 26. Kf2 b6
27. b4 Bd7 28. h4 Kg7 29. e3 Bb5 30. a3 Bd3 31. Kg3 Kf6 32. Bf3 Be4 33. Bxe4
fxe4 34. Kg4 e6 35. dxe6 Kxe6 36. Kg5 d5 37. f5+ Kf7 38. Kf4 Kf6 39. h5 a5 40.
b5 1-0

[Event "Albena BUL, 19th Open round_4"]
[Site "Albena BUL"]
[Date "2011.06.28"]
[Round "4.29"]
[White "Horak, Vladimir"]
[Black "Pancevski, Filip"]
[Result "1/2-1/2"]
[WhiteElo "2050"]
[BlackElo "2399"]
[PlyCount "132"]
[EventDate "2011.06.25"]
[EventType "swiss"]
[EventRounds "9"]
[EventCountry "BUL"]

1. Nf3 g6 2. d4 Bg7 3. c4 f5 4. g3 Nf6 5. Bg2 O-O 6. Nc3 d6 7. O-O Qe8 8. Nd5
Nxd5 9. cxd5 Qb5 10. Ng5 Qc4 11. Be3 Na6 12. b3 Qb5 13. Qd2 h6 14. Ne6 Bxe6 15.
dxe6 Kh7 16. a4 Qb6 17. Rab1 d5 18. Bxd5 Rad8 19. a5 Qb5 20. Bc4 Qb4 21. Bxa6
Qxd2 22. Bxd2 bxa6 23. Bb4 Rxd4 24. Bxe7 Re8 25. Bc5 Rd5 26. b4 Rxe6 27. e3 Be5
28. Rfd1 Rxd1+ 29. Rxd1 Bd6 30. Rc1 Bxc5 31. Rxc5 c6 32. Kf1 Kg7 33. Ke2 Kf6
34. Rc4 Ke7 35. Rd4 Re5 36. Rc4 Kd6 37. f4 Rb5 38. Rd4+ Ke6 39. Rc4 Kd6 40.
Rd4+ Kc7 41. Rc4 h5 42. Kd3 Kd6 43. Rd4+ Ke6 44. Kc4 Ke7 45. e4 fxe4 46. Rxe4+
Kd6 47. Re8 c5 48. bxc5+ Rxc5+ 49. Kb4 Rb5+ 50. Ka4 g5 51. fxg5 Rxg5 52. Re4
Rg4 53. Rb4 Kc5 54. Rf4 Rxf4+ 55. gxf4 Kd4 56. Kb4 h4 57. f5 Ke5 58. Kc5 Kxf5
59. Kc6 Kg4 60. Kb7 Kh3 61. Kxa7 Kxh2 62. Kxa6 h3 63. Kb7 Kg3 64. a6 h2 65. a7
h1=Q+ 66. Kb8 Qb1+ 1/2-1/2

[Event "Albena BUL, 19th Open round_4"]
[Site "Albena BUL"]
[Date "2011.06.28"]
[Round "4.30"]
[White "Paunchev, Dimitar"]
[Black "Georgescu, Tiberiu-Marian"]
[Result "0-1"]
[WhiteElo "2041"]
[BlackElo "2397"]
[PlyCount "93"]
[EventDate "2011.06.25"]
[EventType "swiss"]
[EventRounds "9"]
[EventCountry "BUL"]

1. d4 Nf6 2. Nf3 g6 3. e3 Bg7 4. Bd3 O-O 5. O-O d6 6. c4 Nbd7 7. Nc3 e5 8. b3
Re8 9. Qc2 b6 10. Bb2 Bb7 11. d5 Nc5 12. Be2 Bc8 13. e4 a5 14. a3 a4 15. b4 Nb3
16. Rad1 Bd7 17. Nb5 Bh6 18. Bc3 Nh5 19. g3 f5 20. Nd2 Nf6 21. Bd3 Bxb5 22.
cxb5 Bxd2 23. Bxd2 Nd4 24. Qb1 Qd7 25. f3 f4 26. Kg2 fxg3 27. hxg3 Nxb5 28.
Bxb5 Qxb5 29. Rc1 Re7 30. Bg5 Rf8 31. Qc2 Ref7 32. Bxf6 Rxf6 33. Qc4 Qxc4 34.
Rxc4 R6f7 35. b5 g5 36. Rxa4 h5 37. Rc4 g4 38. Rc3 Kg7 39. Rfc1 Rxf3 40. Rxf3
gxf3+ 41. Kf2 Rf7 42. Rc3 Kg6 43. Rc1 Kg5 44. a4 h4 45. Rh1 hxg3+ 46. Kxg3 f2
47. Rf1 0-1

[Event "Albena BUL, 19th Open round_4"]
[Site "Albena BUL"]
[Date "2011.06.28"]
[Round "4.31"]
[White "Spassov, Liuben"]
[Black "Evstatiev, Georgi"]
[Result "1-0"]
[WhiteElo "2384"]
[BlackElo "2148"]
[PlyCount "63"]
[EventDate "2011.06.25"]
[EventType "swiss"]
[EventRounds "9"]
[EventCountry "BUL"]

1. d4 Nf6 2. c4 g6 3. Nc3 Bg7 4. e4 d6 5. f3 O-O 6. Bg5 c5 7. d5 Qa5 8. Qd2
Nbd7 9. Nge2 Re8 10. Ng3 a6 11. Rc1 Nf8 12. Be2 Rb8 13. O-O b5 14. b3 N6d7 15.
Be3 bxc4 16. Bxc4 Nb6 17. Be2 Bd7 18. f4 Rec8 19. Kh1 Na8 20. e5 dxe5 21. f5
Nc7 22. Bc4 Nb5 23. fxg6 hxg6 24. Qf2 Be8 25. Nce4 Nd4 26. d6 e6 27. Nf6+ Bxf6
28. Qxf6 Nd7 29. Qg5 Qd8 30. Qh6 Nb6 31. Ne4 f5 32. Bg5 1-0

[Event "Albena BUL, 19th Open round_4"]
[Site "Albena BUL"]
[Date "2011.06.28"]
[Round "4.33"]
[White "Bratimirova, Dimitrinka"]
[Black "Menkinoski, Riste"]
[Result "0-1"]
[WhiteElo "2028"]
[BlackElo "2331"]
[PlyCount "54"]
[EventDate "2011.06.25"]
[EventType "swiss"]
[EventRounds "9"]
[EventCountry "BUL"]

1. d4 Nf6 2. c4 e6 3. Nc3 Bb4 4. Bd2 O-O 5. e3 b6 6. Nf3 Bb7 7. Be2 d6 8. O-O
Nbd7 9. a3 Bxc3 10. Bxc3 Ne4 11. Be1 f5 12. Nd2 Qg5 13. Bf3 Ndf6 14. g3 a5 15.
Rc1 a4 16. Nxe4 fxe4 17. Be2 h5 18. h4 Qf5 19. d5 e5 20. Kg2 Bc8 21. Rh1 Qg6
22. Kg1 Bg4 23. Bxg4 Nxg4 24. Qc2 Rf3 25. Rd1 Raf8 26. Rd2 Qf5 27. Re2 Rxg3+
0-1

[Event "Albena BUL, 19th Open round_4"]
[Site "Albena BUL"]
[Date "2011.06.28"]
[Round "4.34"]
[White "Krustev, Vasil"]
[Black "Stoma, Pawel"]
[Result "0-1"]
[WhiteElo "2025"]
[BlackElo "2326"]
[PlyCount "132"]
[EventDate "2011.06.25"]
[EventType "swiss"]
[EventRounds "9"]
[EventCountry "BUL"]

1. d4 Nf6 2. c4 c6 3. Nc3 d5 4. Nf3 a6 5. c5 Bf5 6. Bf4 e6 7. e3 Nbd7 8. Be2 h6
9. h3 Be7 10. b4 O-O 11. O-O Ne4 12. Nxe4 Bxe4 13. Ne5 Bf6 14. Nxd7 Qxd7 15. a4
Rfe8 16. Bd3 e5 17. dxe5 Bxe5 18. Bxe5 Rxe5 19. Bxe4 Rxe4 20. b5 Rc4 21. bxc6
Qxc6 22. Qb3 Rxc5 23. Rab1 b5 24. axb5 Rxb5 25. Qa3 Rab8 26. Rbc1 Qb7 27. Rfd1
Rc8 28. Rxc8+ Qxc8 29. Qd6 Qc2 30. Rxd5 Rb1+ 31. Kh2 Qxf2 32. Qe5 Rb2 33. Qe4
Qf6 34. Qd3 g6 35. Qd4 Rb6 36. Re5 Kg7 37. Re8 Qxd4 38. exd4 Rd6 39. Ra8 Kf6
40. Kg3 Ke6 41. Kf3 Kd5 42. Ke3 Kc4 43. Rc8+ Kb5 44. Ke4 f6 45. d5 a5 46. Kd4
a4 47. Rc5+ Kb4 48. Rc6 Rxc6 49. dxc6 a3 50. c7 a2 51. c8=Q a1=Q+ 52. Ke4 Qe5+
53. Kf3 Qc3+ 54. Qxc3+ Kxc3 55. Ke4 Kc4 56. g4 Kc5 57. h4 Kd6 58. Kf4 Kd5 59.
h5 gxh5 60. gxh5 Ke6 61. Ke4 f5+ 62. Kf3 Ke5 63. Ke3 f4+ 64. Kf2 Kf5 65. Kf3
Kg5 66. Ke4 Kg4 0-1

[Event "Albena BUL, 19th Open round_4"]
[Site "Albena BUL"]
[Date "2011.06.28"]
[Round "4.35"]
[White "Sarenac, David"]
[Black "Yordanova, Svetla"]
[Result "1-0"]
[WhiteElo "2315"]
[BlackElo "2137"]
[PlyCount "161"]
[EventDate "2011.06.25"]
[EventType "swiss"]
[EventRounds "9"]
[EventCountry "BUL"]

1. e4 e6 2. d4 d5 3. Nc3 Nf6 4. e5 Nfd7 5. f4 c5 6. Nf3 Nc6 7. Ne2 b5 8. a3 Qb6
9. c3 a5 10. f5 Be7 11. Nf4 Nf8 12. Bd3 Bd7 13. Qe2 cxd4 14. f6 gxf6 15. exf6
Bd6 16. Bxb5 Bxf4 17. Bxf4 dxc3 18. bxc3 Qc5 19. Rc1 Ng6 20. Be3 Qd6 21. O-O
Rc8 22. c4 d4 23. c5 Qd5 24. Rfd1 O-O 25. Nxd4 Nxd4 26. Rxd4 Bxb5 27. Qxb5 Qe5
28. Rd3 Rcd8 29. Bh6 Rfe8 30. Rf1 Rb8 31. Qxa5 Qh5 32. Be3 Ne5 33. Rc3 Rec8 34.
Bf4 Ra8 35. Qb4 Ng6 36. Bd6 Qd5 37. Qb2 Kh8 38. Qb3 Qd4+ 39. Kh1 Rg8 40. Rg3
Qe4 41. Qf3 Qc4 42. Rg1 Nh4 43. Qb7 e5 44. Bxe5 Qxc5 45. Qe4 Ng6 46. Bb2 Rab8
47. Ba1 Rge8 48. Qd4 Qf5 49. Qd3 Qc5 50. Qd2 Rg8 51. Qh6 Qc2 52. Qc1 Qf5 53.
Qc4 Rb1 54. Bd4 Rxg1+ 55. Bxg1 Ne5 56. Rxg8+ Kxg8 57. Qa6 h5 58. Qb5 Qe4 59.
Qe8+ Kh7 60. Qf8 Qg6 61. Qe7 Ng4 62. a4 Nxf6 63. Qd6 Qf5 64. Qc5 Qf1 65. a5 Kg6
66. Qb6 h4 67. h3 Kh7 68. Qf2 Qa1 69. Qxh4+ Kg6 70. Qg3+ Kf5 71. Qd3+ Ne4 72.
Qd5+ Kf4 73. Qxf7+ Kg5 74. h4+ Kxh4 75. Qf4+ Kh5 76. Qxe4 Qxa5 77. Qf3+ Kg6 78.
Qc6+ Kf7 79. Qb7+ Kg8 80. Qb8+ Kf7 81. Qa7+ 1-0

[Event "Albena BUL, 19th Open round_4"]
[Site "Albena BUL"]
[Date "2011.06.28"]
[Round "4.37"]
[White "Todorov, Yavor"]
[Black "Badev, Kiril"]
[Result "1-0"]
[WhiteElo "1987"]
[BlackElo "2307"]
[PlyCount "87"]
[EventDate "2011.06.25"]
[EventType "swiss"]
[EventRounds "9"]
[EventCountry "BUL"]

1. d4 Nf6 2. c4 c5 3. d5 e6 4. Nc3 exd5 5. cxd5 d6 6. e4 g6 7. Bd3 Bg7 8. Nge2
O-O 9. O-O Re8 10. h3 a6 11. a4 c4 12. Bc2 Nbd7 13. Ng3 Rb8 14. a5 b5 15. axb6
Qxb6 16. Qe2 a5 17. Kh1 Nc5 18. Na4 Nxa4 19. Bxa4 Re7 20. Bc6 Ba6 21. Be3 c3
22. Qc2 Qd8 23. bxc3 Bxf1 24. Rxf1 h5 25. f3 Nd7 26. Ne2 Bf6 27. Nd4 Ne5 28.
Qe2 Qc8 29. f4 Nxc6 30. Nxc6 Rxe4 31. Nxb8 Qxb8 32. Qd3 Qe8 33. Bg1 a4 34. Qa6
Qb8 35. c4 Qb4 36. c5 dxc5 37. Qxf6 Qc4 38. Rb1 Re8 39. d6 Qd5 40. f5 Kh7 41.
fxg6+ fxg6 42. Rf1 Re6 43. Qf7+ Kh6 44. Qf8+ 1-0

[Event "Albena BUL, 19th Open round_4"]
[Site "Albena BUL"]
[Date "2011.06.28"]
[Round "4.38"]
[White "Voicu-Jagodzinsky, Carmen"]
[Black "Uta, Adeline-Ramona"]
[Result "1-0"]
[WhiteElo "2303"]
[BlackElo "2099"]
[PlyCount "77"]
[EventDate "2011.06.25"]
[EventType "swiss"]
[EventRounds "9"]
[EventCountry "BUL"]

1. e4 d6 2. d4 Nf6 3. Nc3 g6 4. Be3 c6 5. f3 b5 6. Qd2 Nbd7 7. h4 Nb6 8. a4 b4
9. Nd1 a5 10. Nf2 Qc7 11. b3 Bg7 12. Rc1 Be6 13. Ne2 c5 14. c4 Bd7 15. dxc5
dxc5 16. Nd3 O-O-O 17. Nxc5 Bc6 18. Qc2 Nbd7 19. Nxd7 Rxd7 20. g3 Nh5 21. Kf2
f5 22. exf5 gxf5 23. Bh3 Rf8 24. Rhd1 Nxg3 25. Rxd7 Bxd7 26. Bf4 Ne4+ 27. fxe4
e5 28. Bxf5 exf4 29. c5 Bxf5 30. exf5 Qe5 31. Qd3 Bf6 32. Qa6+ Kb8 33. Qb6+ Kc8
34. Qa6+ Kb8 35. Qb6+ Kc8 36. c6 Bxh4+ 37. Kf1 Qc7 38. Qa6+ Kb8 39. Rc5 1-0

[Event "Albena BUL, 19th Open round_4"]
[Site "Albena BUL"]
[Date "2011.06.28"]
[Round "4.39"]
[White "Dimov, Dian"]
[Black "Khazankin, Moisei"]
[Result "0-1"]
[WhiteElo "2292"]
[BlackElo "2091"]
[PlyCount "100"]
[EventDate "2011.06.25"]
[EventType "swiss"]
[EventRounds "9"]
[EventCountry "BUL"]

1. e4 c5 2. Nf3 d6 3. d4 Nf6 4. Nc3 cxd4 5. Nxd4 a6 6. Bg5 e6 7. Qd2 Be7 8. Nb3
Nbd7 9. Bf4 Qc7 10. f3 O-O 11. O-O-O e5 12. Be3 b5 13. g4 Nb6 14. Bxb6 Qxb6 15.
g5 Ne8 16. Nd5 Qd8 17. h4 Be6 18. Bh3 a5 19. Kb1 b4 20. f4 Bxd5 21. exd5 a4 22.
Nc1 Qb6 23. Rhe1 f6 24. Be6+ Kh8 25. f5 Nc7 26. g6 Nxe6 27. dxe6 h6 28. Re4
Rfb8 29. Rc4 Ra5 30. Qg2 Rc5 31. Rxc5 Qxc5 32. Nd3 Qc4 33. Nf2 b3 34. axb3 axb3
35. Ne4 d5 36. Nc3 bxc2+ 37. Qxc2 d4 38. Ne4 Qb4 39. Qd2 Qb7 40. Qe2 Kg8 41.
Rd2 Ra8 42. Rc2 Qb3 43. Qc4 Qb7 44. Qc6 Qa7 45. Rc4 d3 46. Qc8+ Rxc8 47. Rxc8+
Bf8 48. Rd8 Qc7 49. Rd7 Qc2+ 50. Ka2 Qc4+ 0-1

[Event "Albena BUL, 19th Open round_4"]
[Site "Albena BUL"]
[Date "2011.06.28"]
[Round "4.40"]
[White "Rzayev, Bahruz Iqbal Oglu"]
[Black "Iovcov, Valerii"]
[Result "1/2-1/2"]
[WhiteElo "2292"]
[BlackElo "2074"]
[PlyCount "122"]
[EventDate "2011.06.25"]
[EventType "swiss"]
[EventRounds "9"]
[EventCountry "BUL"]

1. e4 c5 2. Nc3 Nc6 3. Bb5 Nd4 4. Bc4 e6 5. Nge2 Nf6 6. Nf4 a6 7. a4 Nxe4 8.
Nxe4 d5 9. c3 Nc6 10. Bd3 dxe4 11. Bxe4 Qc7 12. Ne2 Bd6 13. d4 cxd4 14. Nxd4
Nxd4 15. Qxd4 Be5 16. Qb4 Rb8 17. Be3 b6 18. Rd1 Bb7 19. a5 Bxe4 20. Qxe4 bxa5
21. Qa4+ Ke7 22. Qa3+ Ke8 23. f4 Bf6 24. O-O Qc6 25. Rf2 a4 26. Bd4 Be7 27. Qa2
f5 28. Re2 Kf7 29. Rde1 Rb3 30. Rxe6 Qxe6 31. Rxe6 Kxe6 32. Qxa4 Rhb8 33. Qxa6+
Kf7 34. Qc4+ Kg6 35. Qe6+ Bf6 36. c4 Rd3 37. Bc3 Ra8 38. g4 Rad8 39. g5 R3d6
40. Qxd6 Rxd6 41. gxf6 gxf6 42. c5 Rd5 43. b4 Kf7 44. Kf2 Ke6 45. Ke3 Kd7 46.
Bxf6 Kc6 47. Be7 Rd1 48. Bd6 Rh1 49. Kd4 Rxh2 50. Ke5 Rh5 51. Ke6 Rh1 52. Kxf5
Rb1 53. Ke5 Rxb4 54. f5 Rb1 55. f6 Rf1 56. Ke6 h5 57. f7 h4 58. f8=Q Rxf8 59.
Bxf8 h3 60. Bd6 h2 61. Bxh2 Kxc5 1/2-1/2

[Event "Albena BUL, 19th Open round_4"]
[Site "Albena BUL"]
[Date "2011.06.28"]
[Round "4.42"]
[White "Fugulyan, Grigore"]
[Black "Nikolaou, Georgios"]
[Result "0-1"]
[WhiteElo "1959"]
[BlackElo "2286"]
[PlyCount "51"]
[EventDate "2011.06.25"]
[EventType "swiss"]
[EventRounds "9"]
[EventCountry "BUL"]

1. d4 Nf6 2. c4 g6 3. Nc3 Bg7 4. e4 d6 5. Nf3 O-O 6. Be2 Na6 7. O-O e5 8. dxe5
dxe5 9. Qxd8 Rxd8 10. Bg5 h6 11. Bxf6 Bxf6 12. Nd5 Kg7 13. Rfd1 Bg4 14. b4 c6
15. Nxf6 Kxf6 16. a3 c5 17. b5 Nc7 18. Rxd8 Rxd8 19. Rd1 Rxd1+ 20. Bxd1 Ne8 21.
Bc2 Bxf3 22. gxf3 Kg5 23. Kg2 Kf4 24. h4 b6 25. Bd1 Nc7 26. Be2 0-1